VISU Zoo con fotos - Estadísticas

Estadísticas generales
  • Esta prueba ha sido intentada 16 veces
  • La puntuación promedio es 62 de 114
Estadísticas de respuestas
Imagen Respuesta % Correcto
Gineta(Genetta genetta)
82%
Lince ibérico(Lynx pardinus)
82%
Lobo(Canis lupus)
82%
Martín pescador(Alcedo atthis)
82%
Tiburón blanco(Carcharodon carcharias)
82%
Zorro(Vulpes vulpes)
82%
Atún(Thunnus thynnus)
73%
Camaleón(Chamaeleo chamaeleon)
73%
Ciervo(Cervus elaphus)
73%
Flamenco(Phoenicopterus ruber)
73%
Garza real(Ardea cinerea)
73%
Jabalí(Sus scrofa)
73%
Lechuza(Tyto alba)
73%
Mariquita de siete puntos(Coccinella septempunctata)
73%
Orca(Orcinus orca)
73%
Oso pardo(Ursus arctos)
73%
Petirrojo(Erithacus rubecula)
73%
Salamandra común(Salamandra Salamandra)
73%
Sapo común(Bufo bufo)
73%
Tejón(Meles meles)
73%
Topo(Talpa europaea)
73%
Abeja melífera(Apis mellifera)
64%
Águila real(Aquila chrysaetos)
64%
Alimoche(Neophron percnopterus)
64%
Ardilla roja(Sciurus vulgaris)
64%
Búho real(Bubo bubo)
64%
Cabra montés(Capra pyrenaica)
64%
Carbonero común(Parus major)
64%
Cigüeña blanca(Ciconia ciconia)
64%
Conejo(Oryctolagus cuniculus)
64%
Erizo común(Erinaceus europaeus)
64%
Escorpión común o alacrán(Buthus occitanus)
64%
Espátula(Platalea leucorodia)
64%
Garceta(Egretta garcetta)
64%
Gato montés(Felis silvestris)
64%
Hormiga(Camponotus cruentatus)
64%
Jilguero(Carduelis carduelis)
64%
Mirlo(Turdus merula)
64%
Mochuelo(Athene noctua)
64%
Nutria europea(Lutra lutra)
64%
Paloma torcaz(Columba palumbus)
64%
Quebrantahuesos(Gypaetus barbatus)
64%
Rana común(Pelophylax perezi)
64%
Rorcual o ballena azul(Balaenoptera musculus)
64%
Tortuga boba(Caretta caretta)
64%
Tortuga mora(Testudo graeca)
64%
Abubilla(Upupa epops)
55%
Anguila(Angilla anguilla)
55%
Boquerón(Engraulis encrasicholus)
55%
Buitre leonado(Gyps fulvus)
55%
Caballa(Scomber scombrus)
55%
Cachalote(Physeter macrocephalus)
55%
Comadreja(Mustela nivalis)
55%
Cormorán grande(Phalacrocorax carbo)
55%
Culebra de escalera(Elaphe scalaris)
55%
Escolopendra(Scolopendra cingulata)
55%
Gallipato(Pleurodeles waltl)
55%
Gamo(Dama dama)
55%
Garrapata(Ixodes ricinus)
55%
Gorrión común(Passer domesticus)
55%
Halcón peregrino(Falco peregrinus)
55%
Liebre ibérica(Lepus granatensis)
55%
Lirón careto(Eliomys quercinus)
55%
Morena(Muraena helena)
55%
Pececillo de plata(Lepisma saccharina)
55%
Rape(Lophius piscatorius)
55%
Raya(Dipturus batis)
55%
Rodaballo(Scophthalmus maximus)
55%
Urogallo(Tetrao urogallus)
55%
Urraca(Pica pica)
55%
Águila imperial(Aquila adalberti)
45%
Ánade real(Anas platyrhynchos)
45%
Avutarda(Otis tarda)
45%
Carpa(Cyprinus carpio)
45%
Cernícalo(Falcus tinnunculus)
45%
Culebra bastarda(Malpolon monpessulanus)
45%
Culebra de collar(Natrix natrix)
45%
Culebrilla ciega(Blanus cinereus)
45%
Eslizón ibérico(Chalcides bedriagai)
45%
Galápago leproso(Mauremys leprosa)
45%
Gaviota reidora(Larus ridibundus)
45%
Grulla común(Grus grus)
45%
Milano real(Milvus milvus)
45%
Pez martillo(Sphyrna zygaena)
45%
Pinzón vulgar(Fringilla coelebs)
45%
Rata negra(Rattus rattus)
45%
Salmón(Salmo salar)
45%
Sapo corredor(Epidalea calamita)
45%
Tintorera(Prionace glauca)
45%
Tritón ibérico(Triturus boscai)
45%
Trucha(Salmo trutta)
45%
Víbora hocicuda(Vipera latastei)
45%
Cochinilla de la humedad(Armadillidium vulgare)
36%
Curruca capirotada(Sylvia atricapilla)
36%
Lagartija colilarga(Psammodromus algirus)
36%
Lagarto ocelado(Timon lepidus)
36%
Murciélago de herradura(Rhinolophus ferrumequinum)
36%
Musaraña común(Crocidura russula)
36%
Pandora(Argynnis pandora)
36%
Perdiz común(Alectoris rufa)
36%
Sardina(Sardina pilchardus)
36%
Tarantula(Lycosa tarantula)
36%
Vencejo común(Apus apus)
36%
Bacalao(Gadus morhua)
27%
Cigarra común(Cicada orni)
27%
Cucaracha negra u oriental(Blatta orientalis)
27%
Delfín listado(Stenella coeruleoalba)
27%
Graelsia o Isabelina(Actias isabelae)
27%
Lubina(Dicentrarchus labrax)
27%
Merluza(Merluccius merluccius)
27%
Murciélago ratonero grande(Myotis myotis)
27%
Sapo partero ibérico(Alytes cisternasii)
27%
Besugo(Pagellus bogaraveo)
18%
Lamprea de mar(Petromyzon marinus)
18%
No se encontraron pruebas coincidentes
Distribución de puntuación
Porcentaje de gente con cada puntuación
Porcentaje por número respondido
Historial de tus puntuaciones
No has intentado esta prueba.